Псевдо- и квазитермины в короновирусной лексике (на материале современного немецкого языка); Язык. Общество. Образование

Bibliographische Detailangaben
Parent link:Язык. Общество. Образование.— 2021.— [С. 29-32]
1. Verfasser: Голикова К. С.
Körperschaft: Национальный исследовательский Томский политехнический университет Школа базовой инженерной подготовки Отделение иностранных языков
Weitere Verfasser: Кобенко Ю. В. Юрий Викторович (научный руководитель)
Zusammenfassung:Заглавие с экрана
Статья посвящена выявлению и разграничению понятий «термин», «псевдотермин» и «квазитермин» в корпусе короновирусной лексики современного немецкого языка. В качестве вывода транслируется мысль о том, что все три вида специальной лексики имеют место в словаре неологизмов, что подтверждается примерами из корпуса.
Sprache:Russisch
Veröffentlicht: 2021
Schriftenreihe:Актуальные векторы исследований и подходы в современной лингвистике
Schlagworte:
Online-Zugang:http://earchive.tpu.ru/handle/11683/69248
Format: Elektronisch Buchkapitel
KOHA link:https://koha.lib.tpu.ru/cgi-bin/koha/opac-detail.pl?biblionumber=634016

MARC

LEADER 00000naa2a2200000 4500
001 634016
005 20231101133806.0
035 |a (RuTPU)RU\TPU\conf\35766 
035 |a RU\TPU\conf\35765 
090 |a 634016 
100 |a 20211221d2021 k y0rusy50 ca 
101 0 |a rus 
102 |a RU 
105 |a y z 101zy 
135 |a drgn ---uucaa 
181 0 |a i  
182 0 |a b 
200 1 |a Псевдо- и квазитермины в короновирусной лексике (на материале современного немецкого языка)  |f К. С. Голикова  |g науч. рук. Ю. В. Кобенко 
203 |a Текст  |c электронный 
225 1 |a Актуальные векторы исследований и подходы в современной лингвистике 
230 |a 1 компьютерный файл (pdf; 522 Kb) 
300 |a Заглавие с экрана 
320 |a [Библиогр.: с. 31-32 (6 назв.)] 
330 |a Статья посвящена выявлению и разграничению понятий «термин», «псевдотермин» и «квазитермин» в корпусе короновирусной лексики современного немецкого языка. В качестве вывода транслируется мысль о том, что все три вида специальной лексики имеют место в словаре неологизмов, что подтверждается примерами из корпуса. 
463 0 |0 (RuTPU)RU\TPU\conf\35746  |t Язык. Общество. Образование  |o сборник научных трудов II Международной научно-практической конференции "Лингвистические и культурологические аспекты современного инженерного образования", Томск, 10-12 ноября 2021 г.  |f Национальный исследовательский Томский политехнический университет (ТПУ); гл. ред. Ю. В. Кобенко  |v [С. 29-32]  |d 2021 
610 1 |a электронный ресурс 
610 1 |a труды учёных ТПУ 
610 1 |a немецкий язык 
610 1 |a неологизмы 
610 1 |a коронавирус 
610 1 |a термины 
610 1 |a квазитермины 
610 1 |a псевдотермины 
700 1 |a Голикова  |b К. С. 
702 1 |a Кобенко  |b Ю. В.  |c лингвист  |c профессор Томского политехнического университета, доктор филологических наук  |f 1977-  |g Юрий Викторович  |2 stltpush  |4 727 
712 0 2 |a Национальный исследовательский Томский политехнический университет  |b Школа базовой инженерной подготовки  |b Отделение иностранных языков  |h 8029  |2 stltpush  |3 (RuTPU)RU\TPU\col\23510 
801 2 |a RU  |b 63413507  |c 20220413  |g RCR 
856 4 |u http://earchive.tpu.ru/handle/11683/69248 
942 |c BK